Statistics for Simplified Country Shapes

Click here to take the quiz!

General Stats

  • This quiz has been taken 125 times
  • The average score is 12 of 13

Answers on the Map

Answers color-coded by a green-red scale on the quiz's map according to % correct below.
 

Answer Stats

Answer% Correct
Japan
100%
Mexico
100%
Mongolia
98%
Colombia
95%
Pakistan
94%
Sri Lanka
94%
Italy
92%
Yemen
91%
Zambia
91%
Nigeria
90%
Germany
88%
Portugal
84%
Philippines
71%

Score Distribution

Percentile by Number Answered

Percent of People with Each Score

Your Score History

You have not taken this quiz